| 000 | 00567nam a2200193 i 4500 | ||
|---|---|---|---|
| 001 | 61136 | ||
| 003 | ES-MaACL | ||
| 005 | 20230906164358.0 | ||
| 007 | t| | ||
| 008 | 031110s1977 sp ||||1| spa d | ||
| 100 | 1 |
_aEtiemble, René. _9182776 |
|
| 245 | 1 | 0 |
_aEnsayos de Literatura (verdaderamente) general / _cEtiemble ; versión, Roberto Yahni. |
| 260 |
_a[Madrid] : _bTaurus, _c[1977] |
||
| 300 |
_a189 p. ; _c21 cm. |
||
| 700 | 1 |
_aYahni, Roberto. _9117542 |
|
| 852 |
_aES-MaACL _jA-7599 _bR.96900 |
||
| 852 |
_aES-MaACL _jA-8059 _bR.97399 |
||
| 999 |
_c61136 _d61136 |
||